[Event "CZE-chT2A 2223"]
[Site "Czech Republic"]
[Date "2023.03.26"]
[Round "11.5"]
[White "Novacek, Karel"]
[Black "Krizek, Krystof"]
[Result "1-0"]
[WhiteElo "2028"]
[BlackElo "2068"]
[PlyCount "81"]
[EventDate "2022.10.16"]
[EventType "team-tourn"]
[EventRounds "11"]
[EventCountry "CZE"]
[SourceTitle "EXT 2024"]
[Source "ChessBase"]
[SourceDate "2023.10.10"]
[SourceVersion "1"]
[SourceVersionDate "2023.10.10"]
[SourceQuality "1"]
[WhiteTeam "Klatovy"]
[BlackTeam "Vlasim"]
[WhiteTeamCountry "CZE"]
[BlackTeamCountry "CZE"]

1. e4 e5 2. Nf3 Nc6 3. Bc4 Nf6 4. Nc3 Bb4 5. 0-0 d6 6. h3 Be6 7. Nd5 Bxd5 8. exd5 Ne7 9. c3 Ba5 10. Re1 c6 11. dxc6 bxc6 12. d4 e4 13. Nh2 d5 14. Bb3 0-0 15. f3 Qd6 16. Bc2 Bc7 17. Nf1 Nf5 18. fxe4 dxe4 19. Bxe4 Ng3 20. Nxg3 Qxg3 21. Bxc6 Qh2+ 22. Kf1 Rad8 23. Be3 Bg3 24. Bg1 Qh1 25. Re3 Bh2 26. Kf2 Bb8 27. Qf3 Rd6 28. g4 Nxg4+ 29. hxg4 Qh4+ 30. Ke2 Rf6 31. Qg2 Bf4 32. Rh3 Qg5 33. Kd3 Re6 34. Be4 g6 35. Be3 Qb5+ 36. c4 Qb8 37. Bxf4 Qxf4 38. Re1 Rfe8 39. Rhe3 Rd6 40. Qf3 Qe5 41. Bd5 1-0

[Event "Plzen Calliditas op"]
[Site "Plzen"]
[Date "2020.08.27"]
[Round "6"]
[White "Haba, Zdenek"]
[Black "Novacek, Karel"]
[Result "1/2-1/2"]
[WhiteElo "2163"]
[BlackElo "2030"]
[PlyCount "151"]
[EventDate "2020.08.23"]
[EventType "swiss"]
[EventRounds "9"]
[EventCountry "CZE"]
[SourceTitle "CBM 198 Extra"]
[Source "ChessBase"]
[SourceDate "2020.11.30"]
[SourceVersion "1"]
[SourceVersionDate "2020.11.30"]
[SourceQuality "1"]

1. d4 d5 2. c4 Nc6 3. Nc3 Nf6 4. cxd5 Nxd5 5. Nf3 Bg4 6. e4 Nxc3 7. bxc3 e5 8. d5 Nb8 9. Qa4+ Bd7 10. Qb3 Na6 11. Nxe5 Nc5 12. Qc2 Ba4 13. Qb1 c6 14. Be3 Qe7 15. Bd4 f6 16. d6 Qxd6 17. Nd3 Nxd3+ 18. Bxd3 0-0-0 19. Be2 Qa3 20. 0-0 Bc5 21. Bxc5 Qxc5 22. Qb2 Rhe8 23. Rab1 Re7 24. Rfc1 b6 25. Bg4+ Kb8 26. Bf3 Red7 27. Qb4 Qxb4 28. Rxb4 Bd1 29. Rd4 Rxd4 30. cxd4 Bxf3 31. gxf3 Rxd4 32. Rxc6 Rd2 33. Re6 Kc7 34. Re7+ Rd7 35. Re6 a5 36. Kf1 a4 37. Ke2 Kb7 38. f4 b5 39. e5 f5 40. Re8 b4 41. e6 Rc7 42. Kd3 b3 43. axb3 axb3 44. e7 Kc6 45. Rb8 Rxe7 46. Rxb3 Kd7 47. Rb6 Ke8 48. Rb5 g6 49. Re5 Kf7 50. Ke3 Kf6 51. Kd4 Ra7 52. Re3 Ra4+ 53. Kd3 Rxf4 54. Ke2 Rh4 55. h3 Re4 56. Rxe4 fxe4 57. Ke3 Kg5 58. f3 exf3 59. Kxf3 Kh4 60. Kg2 Kg5 61. Kg3 Kf5 62. Kf3 Ke5 63. Ke3 Kf5 64. Kf3 g5 65. Ke3 h5 66. Kf3 Ke5 67. Ke3 Kd5 68. Kd3 Ke5 69. Ke3 Kf5 70. Kf3 Ke5 71. Ke3 g4 72. hxg4 hxg4 73. Kf2 Kf4 74. Kg2 g3 75. Kg1 g2 76. Kxg2 1/2-1/2

[Event "Plzen Calliditas op"]
[Site "Plzen"]
[Date "2020.08.25"]
[Round "4"]
[White "Novacek, Karel"]
[Black "Arndt, Stefan"]
[Result "1/2-1/2"]
[WhiteElo "2030"]
[BlackElo "2168"]
[PlyCount "56"]
[EventDate "2020.08.23"]
[EventType "swiss"]
[EventRounds "9"]
[EventCountry "CZE"]
[SourceTitle "CBM 198 Extra"]
[Source "ChessBase"]
[SourceDate "2020.11.30"]
[SourceVersion "1"]
[SourceVersionDate "2020.11.30"]
[SourceQuality "1"]

1. e4 d6 2. d4 Nf6 3. Nc3 Nbd7 4. f4 e5 5. Nf3 exd4 6. Nxd4 g6 7. Be2 Bg7 8. 0-0 0-0 9. Bf3 Re8 10. Kh1 Nc5 11. Re1 d5 12. exd5 Rxe1+ 13. Qxe1 Nxd5 14. Nxd5 Bxd4 15. c3 Bg7 16. Qe7 Qxe7 17. Nxe7+ Kf8 18. Nxc8 Rxc8 19. Be3 b6 20. Bxc5+ bxc5 21. Rd1 Rb8 22. Rd2 Ke7 23. Kg1 Rb6 24. Kf2 Rd6 25. Ke3 Re6+ 26. Kf2 Rd6 27. Ke3 Re6+ 28. Kf2 Rd6 1/2-1/2

[Event "Plzen Calliditas op"]
[Site "Plzen"]
[Date "2020.08.23"]
[Round "1"]
[White "Novacek, Karel"]
[Black "Chval, Zdenek1111"]
[Result "1-0"]
[WhiteElo "2030"]
[BlackElo "1676"]
[PlyCount "41"]
[EventDate "2020.08.23"]
[EventType "swiss"]
[EventRounds "9"]
[EventCountry "CZE"]
[SourceTitle "CBM 198 Extra"]
[Source "ChessBase"]
[SourceDate "2020.11.30"]
[SourceVersion "1"]
[SourceVersionDate "2020.11.30"]
[SourceQuality "1"]

1. e4 c5 2. Nc3 Nc6 3. f4 d6 4. Nf3 Nf6 5. Bb5 Bd7 6. 0-0 e6 7. d3 Be7 8. e5 Nd5 9. Ne4 dxe5 10. fxe5 Qc7 11. c4 Nb6 12. Bf4 0-0 13. Nfg5 h6 14. Nf6+ Bxf6 15. exf6 e5 16. Bxc6 bxc6 17. Be3 hxg5 18. Qh5 gxf6 19. Rxf6 Bf5 20. Rxf5 f6 21. Bxc5 1-0

[Event "CZE-chT2A 1920"]
[Site "Czech Republic"]
[Date "2019.12.01"]
[Round "4.5"]
[White "Popper, Tomas"]
[Black "Novacek, Karel"]
[Result "0-1"]
[WhiteElo "2040"]
[BlackElo "2022"]
[PlyCount "78"]
[EventDate "2019.10.13"]
[EventType "team-tourn"]
[EventRounds "11"]
[EventCountry "CZE"]
[SourceTitle "EXT 2024"]
[Source "ChessBase"]
[SourceDate "2023.10.10"]
[SourceVersion "1"]
[SourceVersionDate "2023.10.10"]
[SourceQuality "1"]
[WhiteTeam "Unichess Reserve"]
[BlackTeam "Klatovy"]
[WhiteTeamCountry "CZE"]
[BlackTeamCountry "CZE"]

1. Nf3 d5 2. b4 Nf6 3. Bb2 Nbd7 4. e3 g6 5. c4 e6 6. a3 Bg7 7. d4 0-0 8. Nbd2 b6 9. b5 Bb7 10. Be2 c5 11. bxc6 Bxc6 12. 0-0 Re8 13. Rc1 Rc8 14. Re1 Ne4 15. Nxe4 dxe4 16. Nd2 Qg5 17. Qc2 f5 18. g3 h5 19. h4 Qe7 20. Qb3 Kh7 21. Qb4 Qf7 22. Nb1 Rg8 23. Kg2 Bf8 24. Qd2 Bd6 25. Nc3 Bb7 26. d5 e5 27. Nb5 Bb8 28. Kg1 Rcf8 29. Bf1 g5 30. hxg5 Rxg5 31. Kh2 f4 32. exf4 exf4 33. Kh1 Nc5 34. Bg2 Rfg8 35. Rxe4 f3 36. Bh3 Nxe4 37. Qd3 Qg6 38. Qe3 Rxg3 39. fxg3 Nxg3+ 0-1

[Event "CZE-chT2A 1819"]
[Site "Czech Republic"]
[Date "2019.03.31"]
[Round "11.6"]
[White "Novacek, Karel"]
[Black "Hradecky, Ivo"]
[Result "0-1"]
[WhiteElo "2046"]
[BlackElo "2111"]
[PlyCount "116"]
[EventDate "2018.10.14"]
[EventType "team-tourn"]
[EventRounds "11"]
[EventCountry "CZE"]
[SourceTitle "EXT 2022"]
[Source "ChessBase"]
[SourceDate "2021.10.06"]
[SourceVersion "1"]
[SourceVersionDate "2021.10.06"]
[SourceQuality "1"]
[WhiteTeam "Klatovy"]
[BlackTeam "Vlasim"]
[WhiteTeamCountry "CZE"]
[BlackTeamCountry "CZE"]

1. e4 e6 2. d4 d5 3. Nc3 Bb4 4. Bd3 dxe4 5. Bxe4 Nf6 6. Bf3 c5 7. a3 Bxc3+ 8. bxc3 Qc7 9. Ne2 Nbd7 10. 0-0 0-0 11. g3 c4 12. Rb1 Nb6 13. Nf4 Rd8 14. Bg2 Bd7 15. Nh5 Nxh5 16. Qxh5 Bc6 17. f4 Bxg2 18. Kxg2 Qc6+ 19. Qf3 Qxf3+ 20. Rxf3 Rd5 21. g4 f5 22. Re3 Kf7 23. h3 Rad8 24. Kf2 R8d7 25. Bd2 Ra5 26. Rbe1 Rd6 27. Re5 Rxe5 28. Rxe5 g6 29. Rc5 Rc6 30. Be3 Nd5 31. gxf5 gxf5 32. Rb5 b6 33. Bd2 Rc8 34. Rb1 Rg8 35. Rb5 Ke7 36. Rb1 Kd6 37. Re1 Rg6 38. Rb1 Nf6 39. Be1 Ne4+ 40. Kf1 Kc6 41. a4 Nd6 42. Bf2 Kd5 43. Re1 Ne4 44. Re3 Kc6 45. Be1 Kd6 46. Bf2 Rg7 47. Be1 Kc6 48. Bh4 a6 49. Re1 Rg6 50. Re3 Kd7 51. Be1 Kd6 52. Bh4 Rg8 53. Be1 a5 54. Re2 Rg7 55. Re3 b5 56. Bh4 bxa4 57. Re1 Rb7 58. Ra1 Rb1+ 0-1

[Event "CZE-chT2A 1819"]
[Site "Czech Republic"]
[Date "2019.03.17"]
[Round "10.8"]
[White "Turner, Radek"]
[Black "Novacek, Karel"]
[Result "1/2-1/2"]
[WhiteElo "2008"]
[BlackElo "2046"]
[PlyCount "124"]
[EventDate "2018.10.14"]
[EventType "team-tourn"]
[EventRounds "11"]
[EventCountry "CZE"]
[SourceTitle "EXT 2022"]
[Source "ChessBase"]
[SourceDate "2021.10.06"]
[SourceVersion "1"]
[SourceVersionDate "2021.10.06"]
[SourceQuality "1"]
[WhiteTeam "Line"]
[BlackTeam "Klatovy"]
[WhiteTeamCountry "CZE"]
[BlackTeamCountry "CZE"]

1. c4 e6 2. g3 Nf6 3. Nf3 Be7 4. Bg2 0-0 5. 0-0 c5 6. Nc3 d5 7. cxd5 exd5 8. d4 c4 9. Ne5 Be6 10. Bg5 Nbd7 11. Qd2 h6 12. Be3 Nb6 13. h3 Bb4 14. Kh2 Ne4 15. Qc2 Bxc3 16. bxc3 Bf5 17. Qc1 f6 18. Nf3 Na4 19. Bd2 Qa5 20. Nh4 Nxd2 21. Qxd2 Be4 22. Bxe4 dxe4 23. Rfc1 Rad8 24. Rab1 b5 25. Ng2 a6 26. Rc2 Rd7 27. Rbc1 Rfd8 28. Qf4 Re8 29. e3 Qc7 30. Qxc7 Rxc7 31. Nf4 Nb6 32. Ne2 Nd5 33. a3 Rec8 34. Rb1 Rb8 35. Rcb2 Rcb7 36. a4 Kf7 37. axb5 Rxb5 38. Rxb5 Rxb5 39. Rxb5 axb5 40. Kg2 f5 41. Kf1 g5 42. Ke1 Ke6 43. Kd2 Kd6 44. h4 Kc6 45. hxg5 hxg5 46. Ng1 b4 47. cxb4 Kb5 48. Nh3 c3+ 49. Kc1 g4 50. Nf4 Nxb4 51. d5 Kc5 52. d6 Kxd6 53. Ne2 c2 54. Nd4 Ke5 55. Kd2 Nd3 56. Kxc2 Nxf2 57. Kd2 Nd3 58. Ne2 Nc5 59. Kc2 Nb7 60. Nd4 Nc5 61. Kd2 Nb7 62. Kc2 Nd6 1/2-1/2

[Event "CZE-chT2A 1819"]
[Site "Czech Republic"]
[Date "2019.01.13"]
[Round "6.7"]
[White "Novak, Martin"]
[Black "Novacek, Karel"]
[Result "0-1"]
[WhiteElo "1882"]
[BlackElo "2046"]
[PlyCount "70"]
[EventDate "2018.10.14"]
[EventType "team-tourn"]
[EventRounds "11"]
[EventCountry "CZE"]
[SourceTitle "EXT 2022"]
[Source "ChessBase"]
[SourceDate "2021.10.06"]
[SourceVersion "1"]
[SourceVersionDate "2021.10.06"]
[SourceQuality "1"]
[WhiteTeam "Strakonice"]
[BlackTeam "Klatovy"]
[WhiteTeamCountry "CZE"]
[BlackTeamCountry "CZE"]

1. e4 c5 2. Nf3 Nc6 3. d4 cxd4 4. Nxd4 Nf6 5. Nc3 e5 6. Ndb5 d6 7. Bg5 a6 8. Bxf6 gxf6 9. Na3 f5 10. Bc4 Qg5 11. g3 Nd4 12. h4 Qg6 13. Nd5 fxe4 14. c3 Nf3+ 15. Kf1 b5 16. Nc7+ Ke7 17. Nxa8 bxc4 18. Nb6 Bb7 19. Naxc4 Bh6 20. Nd5+ Ke6 21. Nce3 Rb8 22. Kg2 f5 23. Qb3 Kd7 24. Qb6 Bxd5 25. Qxb8 Bxe3 26. fxe3 f4 27. Qa7+ Ke6 28. Rh3 Nxh4+ 29. Kf1 Qg4 30. Rxh4 Bc4+ 31. Kg1 Qxg3+ 32. Kh1 Qxh4+ 33. Kg1 Qg3+ 34. Kh1 f3 35. Rg1 Qh3# 0-1

[Event "CZE-chT2A 1819"]
[Site "Czech Republic"]
[Date "2018.12.16"]
[Round "5.8"]
[White "Splichal, Petr"]
[Black "Novacek, Karel"]
[Result "1-0"]
[WhiteElo "1925"]
[BlackElo "2046"]
[PlyCount "83"]
[EventDate "2018.10.14"]
[EventType "team-tourn"]
[EventRounds "11"]
[EventCountry "CZE"]
[SourceTitle "EXT 2022"]
[Source "ChessBase"]
[SourceDate "2021.10.06"]
[SourceVersion "1"]
[SourceVersionDate "2021.10.06"]
[SourceQuality "1"]
[WhiteTeam "Unichess Underground"]
[BlackTeam "Klatovy"]
[WhiteTeamCountry "CZE"]
[BlackTeamCountry "CZE"]

1. d4 d5 2. c4 e6 3. Nc3 Be7 4. Nf3 Nf6 5. Bg5 0-0 6. e3 Nbd7 7. Qc2 c5 8. cxd5 Nxd5 9. Bxe7 Qxe7 10. Nxd5 exd5 11. Be2 cxd4 12. Nxd4 Qb4+ 13. Qd2 Qxd2+ 14. Kxd2 Nc5 15. Rhd1 b6 16. Rac1 Bb7 17. f3 Rac8 18. Nf5 Rc7 19. b4 Ne6 20. Rxc7 Nxc7 21. Nd6 Rb8 22. Rc1 Ne6 23. Nxb7 Rxb7 24. Rc8+ Nf8 25. Bb5 g6 26. Bc6 Re7 27. Bxd5 Kg7 28. e4 h6 29. a4 f5 30. Rb8 fxe4 31. fxe4 g5 32. a5 bxa5 33. bxa5 Ng6 34. g3 Ne5 35. h3 Kf6 36. a6 h5 37. Rb7 h4 38. gxh4 Nf3+ 39. Ke3 Nxh4 40. Kd4 Ng6 41. e5+ Kg7 42. Be4 1-0

[Event "CZE-chT2A 1718"]
[Site "Czech Republic"]
[Date "2018.02.11"]
[Round "8.7"]
[White "Novacek, Karel"]
[Black "Folk, Petr"]
[Result "0-1"]
[WhiteElo "2093"]
[BlackElo "2172"]
[PlyCount "54"]
[EventDate "2017.10.15"]
[EventType "team-tourn"]
[EventRounds "11"]
[EventCountry "CZE"]
[SourceTitle "EXT 2022"]
[Source "ChessBase"]
[SourceDate "2021.10.06"]
[SourceVersion "1"]
[SourceVersionDate "2021.10.06"]
[SourceQuality "1"]
[WhiteTeam "Klatovy"]
[BlackTeam "Kozolupy"]
[WhiteTeamCountry "CZE"]
[BlackTeamCountry "CZE"]

1. e4 c5 2. Nc3 e6 3. f4 a6 4. g3 Nc6 5. Bg2 Nge7 6. Nf3 d5 7. 0-0 dxe4 8. Nxe4 Nf5 9. b3 Be7 10. Bb2 0-0 11. Ne5 Bd7 12. Qh5 Be8 13. Ng5 Bxg5 14. Nxc6 Bxc6 15. Bxc6 bxc6 16. fxg5 Qxd2 17. Rf2 Qe3 18. Kf1 Qe4 19. Kg1 Rad8 20. Re2 Qd5 21. Rf1 Rd7 22. Re5 Qd2 23. Re2 Qd5 24. a4 c4 25. g4 Qc5+ 26. Ref2 Ne3 27. Re1 Nd1 0-1

[Event "CZE-chT2A 1718"]
[Site "Czech Republic"]
[Date "2017.11.05"]
[Round "2.6"]
[White "Novacek, Karel"]
[Black "Vasek, Daniel"]
[Result "1/2-1/2"]
[WhiteElo "2093"]
[BlackElo "2015"]
[PlyCount "59"]
[EventDate "2017.10.15"]
[EventType "team-tourn"]
[EventRounds "11"]
[EventCountry "CZE"]
[SourceTitle "EXT 2022"]
[Source "ChessBase"]
[SourceDate "2021.10.06"]
[SourceVersion "1"]
[SourceVersionDate "2021.10.06"]
[SourceQuality "1"]
[WhiteTeam "Klatovy"]
[BlackTeam "Praha Bohemians II"]
[WhiteTeamCountry "CZE"]
[BlackTeamCountry "CZE"]

1. e4 e5 2. d4 exd4 3. Qxd4 Nc6 4. Qe3 Nf6 5. Nc3 Bb4 6. Bd2 Qe7 7. 0-0-0 d6 8. Bb5 0-0 9. f3 Bc5 10. Qe1 Nd4 11. Bd3 c6 12. g4 b5 13. Qh4 Qe6 14. Kb1 g6 15. Nce2 Nxe2 16. Nxe2 d5 17. Bc3 Ne8 18. exd5 cxd5 19. Bxb5 Bb7 20. Rhe1 Qb6 21. Bxe8 Rfxe8 22. g5 Bf2 23. Qf4 Bxe1 24. Rxe1 Qf2 25. Qf6 d4 26. Bxd4 Qxe1+ 27. Nc1 Kf8 28. Bc5+ Kg8 29. Bd4 Kf8 30. Bc5+ 1/2-1/2

[Event "Regionalliga NO 1314"]
[Site "Bayern"]
[Date "2013.10.13"]
[Round "1.7"]
[White "Novacek, Karel"]
[Black "Paar, Johannes"]
[Result "1-0"]
[WhiteElo "1989"]
[BlackElo "1933"]
[PlyCount "111"]
[EventDate "2013.10.13"]
[EventType "team-tourn"]
[EventRounds "9"]
[EventCountry "GER"]
[SourceTitle "EXT 2015"]
[Source "ChessBase"]
[SourceDate "2014.11.20"]
[SourceVersion "1"]
[SourceVersionDate "2014.11.20"]
[SourceQuality "1"]
[WhiteTeam "Bad Koetzting"]
[BlackTeam "Schwandorf"]
[WhiteTeamCountry "GER"]
[BlackTeamCountry "GER"]

1. e4 c5 2. Nc3 d6 3. f4 g6 4. Nf3 Bg7 5. Bb5+ Bd7 6. a4 a6 7. Bxd7+ Qxd7 8. a5 Nc6 9. Nd5 Qd8 10. Nb6 Rb8 11. Nc4 d5 12. exd5 Qxd5 13. d3 Nh6 14. 0-0 0-0 15. Bd2 Nf5 16. Bc3 Nfd4 17. Qd2 Bh6 18. Rae1 f6 19. Nxd4 cxd4 20. Bb4 Rfe8 21. Ba3 Rbd8 22. Qe2 e6 23. Qf3 Bf8 24. Bxf8 Kxf8 25. Qh3 Kg8 26. Qh4 Rf8 27. Qg4 Rde8 28. Re2 Nxa5 29. Nxa5 Qxa5 30. Rxe6 Qd5 31. f5 Rxe6 32. fxe6 f5 33. e7 Re8 34. Qh4 Kg7 35. g4 f4 36. Rxf4 Qe5 37. Re4 Qf6 38. Qf2 Rxe7 39. Rxe7+ Qxe7 40. Qxd4+ Kg8 41. Kf2 Qh4+ 42. Kg2 Qg5 43. Qc4+ Kg7 44. Qc7+ Kh6 45. Kf3 Qd5+ 46. Kg3 Qh1 47. g5+ Kh5 48. Qxh7+ Kxg5 49. Qh4+ Kf5 50. Qf4+ Ke6 51. Qe4+ Qxe4 52. dxe4 a5 53. c4 Ke5 54. Kf3 Kd4 55. b3 g5 56. Kg4 1-0

[Event "Regionalliga NO 1213"]
[Site "Bayern"]
[Date "2013.02.24"]
[Round "7.7"]
[White "Ertl, Daniel"]
[Black "Novacek, Karel"]
[Result "0-1"]
[WhiteElo "1767"]
[BlackElo "2005"]
[PlyCount "79"]
[EventDate "2012.10.14"]
[EventType "team-tourn"]
[EventRounds "9"]
[EventCountry "GER"]
[SourceTitle "EXT 2015"]
[Source "ChessBase"]
[SourceDate "2014.11.20"]
[SourceVersion "1"]
[SourceVersionDate "2014.11.20"]
[SourceQuality "1"]
[WhiteTeam "Amberg Siemens"]
[BlackTeam "Bad Koetzting"]
[WhiteTeamCountry "GER"]
[BlackTeamCountry "GER"]

1. d4 d5 2. c4 Nc6 3. e3 e5 4. dxe5 d4 5. exd4 Qxd4 6. Qxd4 Nxd4 7. Bd3 Bg4 8. Nc3 0-0-0 9. h3 Be6 10. Bf4 Bb4 11. 0-0-0 Ne7 12. Nf3 Nxf3 13. gxf3 Rd7 14. Ne4 Rhd8 15. Be2 Rxd1+ 16. Rxd1 Rxd1+ 17. Kxd1 Ng6 18. Bg3 Be7 19. f4 f6 20. exf6 gxf6 21. h4 h6 22. h5 Nf8 23. Bh4 Nh7 24. Ng3 Kd7 25. Bd3 Bg8 26. Bf5+ Ke8 27. Ne4 Kf7 28. Bc8 b6 29. Ke2 f5 30. Bxe7 Kxe7 31. Bxf5 Bxc4+ 32. Ke3 Nf6 33. Nxf6 Kxf6 34. Bb1 Bf7 35. a4 a5 36. Kd4 Bxh5 37. Kd5 Bf3+ 38. Kd4 Bd1 39. Ke3 Bxa4 40. Be4 0-1

[Event "Regionalliga NO 1213"]
[Site "Bayern"]
[Date "2012.11.25"]
[Round "3.8"]
[White "Novacek, Karel"]
[Black "Frischholz, Roland"]
[Result "1/2-1/2"]
[WhiteElo "2005"]
[BlackElo "1817"]
[PlyCount "46"]
[EventDate "2012.10.14"]
[EventType "team-tourn"]
[EventRounds "9"]
[EventCountry "GER"]
[SourceTitle "EXT 2015"]
[Source "ChessBase"]
[SourceDate "2014.11.20"]
[SourceVersion "1"]
[SourceVersionDate "2014.11.20"]
[SourceQuality "1"]
[WhiteTeam "Bad Koetzting"]
[BlackTeam "Schwandorf"]
[WhiteTeamCountry "GER"]
[BlackTeamCountry "GER"]

1. e4 c5 2. f4 Nc6 3. Nf3 e6 4. Bb5 d6 5. 0-0 Nf6 6. Nc3 Be7 7. e5 Nd5 8. exd6 Qxd6 9. Ne4 Qc7 10. Ne5 Bd7 11. Nxd7 Qxd7 12. b3 Nf6 13. Nf2 a6 14. Bxc6 Qxc6 15. Bb2 0-0 16. Ng4 Nxg4 17. Qxg4 g6 18. Rae1 Rfe8 19. Re3 Bf8 20. Rh3 Bg7 21. Bxg7 Kxg7 22. Qh4 h5 23. Rg3 Qd5 1/2-1/2

[Event "Regionalliga NO 1213"]
[Site "Bayern"]
[Date "2012.11.11"]
[Round "2.7"]
[White "Novacek, Karel"]
[Black "Lutz, Rainer"]
[Result "1-0"]
[WhiteElo "2005"]
[BlackElo "1831"]
[PlyCount "99"]
[EventDate "2012.10.14"]
[EventType "team-tourn"]
[EventRounds "9"]
[EventCountry "GER"]
[SourceTitle "EXT 2015"]
[Source "ChessBase"]
[SourceDate "2014.11.20"]
[SourceVersion "1"]
[SourceVersionDate "2014.11.20"]
[SourceQuality "1"]
[WhiteTeam "Bad Koetzting"]
[BlackTeam "Bechhofen"]
[WhiteTeamCountry "GER"]
[BlackTeamCountry "GER"]

1. e4 e5 2. Nf3 Nc6 3. d4 exd4 4. Bc4 h6 5. 0-0 b6 6. Nxd4 Bb7 7. Nc3 Ne5 8. Bb3 Bc5 9. Kh1 h5 10. h3 Ng4 11. f3 N4h6 12. Be3 c6 13. Qd2 Qe7 14. a4 a5 15. Rfe1 0-0-0 16. Nf5 Nxf5 17. exf5 Bxe3 18. Rxe3 Qf8 19. Qd4 Kc7 20. Qf4+ Qd6 21. Qxd6+ Kxd6 22. Rd1+ Kc7 23. Bxf7 Nh6 24. Bg6 Rdf8 25. Re7 Bc8 26. Rxg7 Nxf5 27. Bxf5 Rxf5 28. Ne4 Rd8 29. Nd6 Rc5 30. c3 Ba6 31. Nf7 Re8 32. Ng5 Rd5 33. Rxd5 cxd5 34. Nh7 Re2 35. Nf6 Kc6 36. Nxd7 Rxb2 37. Nb8+ Kd6 38. Nxa6 Ra2 39. Rg6+ Ke5 40. Rxb6 Kf4 41. Rf6+ Kg3 42. Rg6+ Kf2 43. Nc5 Rc2 44. Nd3+ Ke3 45. Rg5 Kxd3 46. Rxd5+ Ke2 47. Rxa5 Kf1 48. Rb5 Kf2 49. Rxh5 Rxc3 50. Kh2 1-0

[Event "CZE-chT2A 0910"]
[Site "Czech Republic"]
[Date "2010.03.28"]
[Round "10.5"]
[White "Pahorecky, Jiri"]
[Black "Novacek, Karel"]
[Result "1/2-1/2"]
[WhiteElo "2024"]
[BlackElo "2058"]
[PlyCount "62"]
[EventDate "2009.10.18"]
[EventType "team-tourn"]
[EventRounds "11"]
[EventCountry "CZE"]
[SourceTitle "EXT 2012"]
[Source "ChessBase"]
[SourceDate "2011.11.24"]
[SourceVersion "1"]
[SourceVersionDate "2011.11.24"]
[SourceQuality "1"]
[WhiteTeam "Cesky Krumlov"]
[BlackTeam "Klatovy"]
[WhiteTeamCountry "CZE"]
[BlackTeamCountry "CZE"]

1. e4 c5 2. Nc3 Nc6 3. f4 g6 4. Nf3 Bg7 5. Bc4 e6 6. f5 Nge7 7. fxe6 fxe6 8. 0-0 0-0 9. d3 d5 10. Bb3 Nd4 11. Bg5 Nxb3 12. axb3 dxe4 13. dxe4 Qxd1 14. Rfxd1 Nc6 15. Na4 Nd4 16. Be7 Re8 17. Bxc5 Nxc2 18. Rac1 b6 19. Rxc2 bxc5 20. Nxc5 Rb8 21. Rd3 Bb7 22. Rd7 Rec8 23. b4 Bxe4 24. Re2 Bd5 25. Nxe6 Bxe6 26. Rxe6 Re8 27. Rxe8+ Rxe8 28. Rxa7 Rb8 29. Ra4 Bxb2 30. g3 Bc3 31. Kg2 Bxb4 1/2-1/2